00942nam a2200253Ia 4500001001000000003000500010008004100015010001100056040000900067100003200076245016500108260003400273300001000307502010600317650002600423650003400449650001400483650001900497650002700516650003200543650002400575700003900599710005000638Para_9503CHAP220125s2008 xx 000 0 und d a208177 cCHAP aMorales Castillo, Francisco aEstudio de la fauna asociada a diferentes sistemas de labranza en el Bajio Guanajuatense /c por Francisco Morales Castillo y Pedro Antonio Rodríguez Salazar aChapingo, Méx. :b el autor a82 h. aTesis (Ing. Agr. Esp. en Parasitología Agrícola) -- UACh. Departamento Parasitología Agrícola aAgricultura x plagas aInsectos x identificación  aLabranza  aLabranza cero  aLabranza convencional  aLabranza de conservación  aPlantas e insectos  aRodríguez Salazar, Pedro Antonio aUACh. Departamento Parasitología Agrícola